000 01782nam a22002537a 4500
003 Uzh_bibl
008 260429b |||||||| |||| 00| 0 ukr d
020 _c0.75
040 _aукр.
041 _2ukr
_aukr
080 _a821(477)
090 _a821(477)
_bМ 99
100 _aМ'ястківський, Андрій
245 _aАйстри минулої осені
_hТекст
260 _aКиїв
_bРадянський письменник
_c1981
300 _a247 с.
_fВ опр.
520 _aКнига "Айстри минулої осені" - своєрідне продовження книги українського письменника "При світлі соняшників". Автор залишається вірним темі подільського села, змальовує яскраві портрети його людей - сучасних хліборобів. Твором збірки притаманні ліризм, тонкий гумор, глибоке проникнення у внутрішній світ героїв. У ряді творів викриваються негативні явища, які ще трапляються в нашому житті.
521 _aДля широкого кола читачів
546 _aукр.
650 _aЛітературно-художнє видання
_yДруга половина ХХ століття (сучасний авторові час)
_zУкраїна. Подільське село
653 _aСело
_aЛюди
_aПраця
_aМораль
_aХарактер
655 _aНовели та діалоги (соціально-побутова, психологічна проза)
_vНовели та діалоги
942 _2udc
_cBK
999 _c17567
_d17567